5 längste Flüsse - Statistiken

Allgemein
  • Dieses Quiz wurde 26 mal gespielt
  • Das Durchschnittsergebnis liegt bei 3 aus 5
Antwortstatistiken
Rang Länge Fluss % Korrekt
2. 6'400 km Amazonas
100%
1. 6'650 km Nil
100%
4. 6'051 km Mississippi
68%
3. 6'380 km Jangtsekiang
41%
5. 5'540 km Jenissei
27%
Keine übereinstimmenden Quizze gefunden
Verteilung der Resultate
Anzahl Personen mit jedem Resultat
Perzentil nach korrekt beantworteten Fragen
Ihre Resultats-Entwicklung
Sie haben dieses Quiz noch nicht gespielt